Tennis Tournaments - Statistics

General Stats
  • This quiz has been taken 118 times
  • The average score is 27 of 67
Answer Stats
# Answer % Correct
6 Australian Open
94%
39 Wimbledon
88%
52 US Open
83%
29 Rome
79%
32 Roland Garros
77%
19 Miami
75%
65 Paris
71%
28 Madrid
67%
16 Dubai
63%
18 Indian Wells
63%
23 Barcelona
60%
50 Cincinnati
58%
59 Shanghai
58%
49 Toronto
58%
1 Brisbane
56%
67 London
56%
4 Sydney
56%
58 Tokyo
54%
17 Acapulco
52%
2 Doha
52%
36 Queens
52%
57 Beijing
50%
22 Monte Carlo
50%
5 Auckland
46%
63 Vienna
46%
46 Washington
46%
35 Halle
42%
64 Basel
40%
13 Rio de Janeiro
40%
10 Rotterdam
40%
33 Stuttgart
40%
60 Moscow
38%
14 Marseille
35%
62 Stockholm
35%
38 Eastbourne
33%
27 Istanbul
33%
31 Lyon
33%
25 Munich
33%
12 Buenos Aires
31%
43 Hamburg
31%
20 Houston
29%
66 Milan
29%
11 New York
29%
44 Atlanta
27%
26 Estoril
27%
7 Sofia
25%
53 St Petersburg
25%
40 Newport
23%
42 Bastad
21%
24 Budapest
21%
45 Gstaad
21%
54 Metz
21%
9 Montpellier
21%
3 Pune
21%
41 Umag
21%
51 Winston Salem
21%
37 Antalya
19%
61 Antwerp
19%
21 Casablanca
19%
34 s-Hertogenbosch
19%
48 Kitzbuhel
17%
55 Chengdu
15%
15 Delray Beach
13%
56 Shenzhen
13%
30 Geneve
10%
8 Quito
10%
47 Los Cambos
4%
No matching quizzes found
Score Distribution
Percent of People with Each Score
Percentile by Number Answered
Your Score History
You have not taken this quiz